Tropical kingdom of belize [ explore a diverse land of exotic creatures
| Format: | Book |
|---|---|
| Published: |
s.l. :
National Geographic ,
19__
|
| Subjects: |
MARC
| LEADER | 00000cam a2200000 7i4500 | ||
|---|---|---|---|
| 001 | 0000002189 | ||
| 002 | 000002386 | ||
| 005 | 20021002.0 | ||
| 020 | |a 000002386 | ||
| 090 | 0 | 0 | |a 972.82 |b TRO |
| 245 | 0 | 0 | |a Tropical kingdom of belize [ |h video recording] : |b explore a diverse land of exotic creatures |
| 260 | |a s.l. : |b National Geographic , |c 19__ | ||
| 300 | |a 1 Video recording VHS (60 minutes) : |b col.(PAL) | ||
| 500 | |a Library has 1 copy | ||
| 650 | 0 | 0 | |a Animal Kingdom |
| 999 | |a 00092 |b VIDEO |c KOLEKSI AUDIO VIDEO |e PERPUSTAKAAN KOMUNITI PETALING JAYA | ||